Central Library OPAC University of Rajshahi

Introduction to probability theory / (Record no. 70436)

MARC details
000 -LEADER
fixed length control field 00774nam a2200253 a 4500
001 - CONTROL NUMBER
control field 70436
003 - CONTROL NUMBER IDENTIFIER
rucl marc code BD-RjUL
005 - DATE AND TIME OF LATEST TRANSACTION
control field 20211209082010.0
008 - FIXED-LENGTH DATA ELEMENTS--GENERAL INFORMATION
fixed length control field 170417s1964 nyua b 001 0 eng
035 ## - SYSTEM CONTROL NUMBER
System control number (BD-RjUL)70650
040 ## - CATALOGING SOURCE
Original cataloging agency DLC/ICU
Transcribing agency ICU
Modifying agency DLC
-- BD-RjUL
Language of cataloging eng
041 ## - LANGUAGE CODE
Language code of text/sound track or separate title eng
082 00 - DEWEY DECIMAL CLASSIFICATION NUMBER
Classification number 519.2
Edition number 23
Author mark and year MCI 1964
100 1# - MAIN ENTRY--PERSONAL NAME
Personal name McCord, James R.
9 (RLIN) 208528
245 10 - TITLE STATEMENT
Title Introduction to probability theory /
Statement of responsibility, etc. James R. McCord, III and Richard M. Moroney, Jr.
260 ## - PUBLICATION, DISTRIBUTION, ETC. (IMPRINT)
Place of publication, distribution, etc. New York :
Name of publisher, distributor, etc. Macmillan,
Date of publication, distribution, etc. 1964
300 ## - PHYSICAL DESCRIPTION
Pagination xvi, 232 p. :
Illustrations ill. ;
Size 24 cm.
504 ## - BIBLIOGRAPHY, ETC. NOTE
Bibliography, etc Bibliography: p. 212-213.
650 #0 - SUBJECT ADDED ENTRY--TOPICAL TERM
Topical term or geographic name as entry element Probabilities.
9 (RLIN) 208529
700 1# - ADDED ENTRY--PERSONAL NAME
Personal name Moroney, Richard M.,
Relator term joint author.
942 ## - ADDED ENTRY ELEMENTS (KOHA)
Source of classification or shelving scheme Dewey Decimal Classification
Koha item type Books
Holdings
Lost status Source of classification or shelving scheme Damaged status Not for loan Collection code Permanent Location Current Location Shelving location Date acquired Source of acquisition Cost, normal purchase price Total Checkouts Full call number Date last seen Copy number Koha item type
  Dewey Decimal Classification   Not For Loan Non-fiction Central Library, University of Rajshahi Central Library, University of Rajshahi Reading Room 05/11/1965 Zeithinger 50.00   519.2 MCI 1964 17/04/2017 C-1 Books